| 000 | 01853nam0a2200421 4500 | ||
|---|---|---|---|
| 001 | RU\NLR\BIBL_A\010006068 | ||
| 005 | 20260406141019.0 | ||
| 010 |
_a978-5-9704-2784-2 _91500 |
||
| 021 |
_aRU _b2013-81791 _95653 |
||
| 035 | _a(NLR Aleph) 010006068 | ||
| 035 | _a(NILC)RuMoRGB-006677446 | ||
| 090 |
_a9825827 _c9825827 |
||
| 100 | _a20131120d2014 |||y0rusy50 ca | ||
| 101 | 0 | _arus | |
| 102 | _aRU | ||
| 105 | _aa|||z||||00yy | ||
| 200 | 1 |
_aГистероскопия _eатлас и руководство _fГ. М. Савельева, В. Г. Бреусенко, Л. М. Каппушева |
|
| 210 |
_aМосква _cГЭОТАР-Медиа _d2014 _d[т.е. 2013] |
||
| 215 |
_a243 с. _cтабл., цв. ил. _d24 |
||
| 300 | _aФактическая дата выхода в свет : 2013 | ||
| 300 | _aНа обороте тит. л. авт.: Г.М. Савельева - акад. РАМН, проф., В.Г. Бреусенко - д.м.н., проф., Л.М. Каппушева - д.м.н., проф. | ||
| 320 | _aБиблиогр.: с. 234-243 | ||
| 606 |
_aГистероскопия _jАтласы _91428750 _3RU\NLR\AUTH\66292451 |
||
| 610 | 0 | _aгистероскопия | |
| 686 | 1 | _aР715-433.5я61 | |
| 686 | 1 | _aР715.74я61 | |
| 700 | 1 |
_8rus _7ca _aСавельева _bГ. М. _cд-р мед. наук _f1928-2022 _gГалина Михайловна _3RU\NLR\AUTH\773281 _9113286 |
|
| 701 | 1 |
_aБреусенко _bВ.Г. _gВалентина Григорьевна |
|
| 701 | 1 |
_aКаппушева _bЛ. М. _gЛаура Магомедовна |
|
| 801 | 0 |
_aRU _bRuMoRKP _c20120829 _gRCR |
|
| 801 | 2 |
_aRU _bРГБ _c20131014 _grcr |
|
| 801 | 1 |
_aRU _bRuMoRKP _c20120829 _2rusmarc |
|
| 942 | _cBOOK | ||
| 980 | _aSUPPRESS | ||
| 980 | _aNBR | ||
| 980 | _aNB | ||